[Event "Munich Pfingst op-A 1st"]
[Site "Munich"]
[Date "2023.05.31"]
[Round "1"]
[White "Kudrytskyi, Stanislav"]
[Black "Trost, Edvin"]
[Result "0-1"]
[WhiteElo "2048"]
[BlackElo "2399"]
[PlyCount "71"]
[EventDate "2023.05.31"]
[EventType "swiss"]
[EventRounds "9"]
[EventCountry "GER"]
[SourceTitle "CBM 214 Extra"]
[Source "ChessBase"]
[SourceDate "2023.07.31"]
[SourceVersion "1"]
[SourceVersionDate "2023.07.31"]
[SourceQuality "1"]

1. d4 Nf6 2. c4 g6 3. Nc3 Bg7 4. e4 d6 5. Nf3 0-0 6. Be2 Nbd7 7. Be3 e5 8. d5 Qe7 9. Nd2 a5 10. a3 Ne8 11. b4 f5 12. f3 Bh6 13. Bxh6 Qh4+ 14. g3 Qxh6 15. Nb3 axb4 16. axb4 Rxa1 17. Qxa1 fxe4 18. Nxe4 Qe3 19. Nbd2 Ndf6 20. Qc3 Qa7 21. Nf2 Ng7 22. g4 b5 23. Nfe4 Nge8 24. g5 Nxe4 25. Nxe4 bxc4 26. Bxc4 Bf5 27. Rf1 Ng7 28. Ng3 Rb8 29. Ke2 Qb6 30. b5 Qc5 31. Rc1 Ra8 32. Nxf5 Nxf5 33. Qd2 Nd4+ 34. Kf1 Rf8 35. Be2 Nb3 36. Rd1 0-1

[Event "Mittelfranken Landesliga Sued 2223"]
[Site "Mittelfranken"]
[Date "2022.10.09"]
[Round "1.7"]
[White "Kudrytskyi, Stanislav"]
[Black "Heppert, Lars"]
[Result "1-0"]
[WhiteElo "2053"]
[BlackElo "1877"]
[PlyCount "69"]
[EventDate "2022.10.09"]
[EventType "team-tourn"]
[EventRounds "9"]
[EventCountry "GER"]
[SourceTitle "EXT 2024"]
[Source "ChessBase"]
[SourceDate "2023.10.10"]
[SourceVersion "1"]
[SourceVersionDate "2023.10.10"]
[SourceQuality "1"]
[WhiteTeam "Kriegshaber"]
[BlackTeam "Neuburg"]
[WhiteTeamCountry "GER"]
[BlackTeamCountry "GER"]

1. d4 Nf6 2. c4 g6 3. Nc3 Bg7 4. e4 d6 5. Nf3 0-0 6. Be2 c6 7. Be3 a5 8. Nd2 e5 9. d5 Na6 10. a3 Bd7 11. Rb1 c5 12. g4 Ne8 13. h4 f5 14. gxf5 gxf5 15. Bg5 Nf6 16. Rg1 Kh8 17. h5 h6 18. Bh4 f4 19. Bg4 Bxg4 20. Rxg4 Qd7 21. Bxf6 Bxf6 22. Rg6 Bg5 23. Nf3 Rg8 24. Rxg8+ Rxg8 25. Ke2 Be7 26. Qh1 Qg4 27. Rg1 Qc8 28. Nb5 Qd8 29. Rxg8+ Kxg8 30. Qh3 Bf8 31. Qg4+ Kh8 32. Nh4 Bg7 33. Nf5 Bf8 34. Qg6 a4 35. Nbxd6 1-0

[Event "Mittelfranken Landesliga Sued 2122"]
[Site "Mittelfranken"]
[Date "2022.06.26"]
[Round "3.8"]
[White "Kudrytskyi, Stanislav"]
[Black "Wunderlich, Elias"]
[Result "0-1"]
[WhiteElo "2033"]
[BlackElo "1896"]
[PlyCount "76"]
[EventDate "2021.10.24"]
[EventType "team-tourn"]
[EventRounds "9"]
[EventCountry "GER"]
[SourceTitle "EXT 2024"]
[Source "ChessBase"]
[SourceDate "2023.10.10"]
[SourceVersion "1"]
[SourceVersionDate "2023.10.10"]
[SourceQuality "1"]
[WhiteTeam "Kriegshaber"]
[BlackTeam "Garching II"]
[WhiteTeamCountry "GER"]
[BlackTeamCountry "GER"]

1. d4 d5 2. c4 e6 3. Nf3 Nf6 4. g3 Bb4+ 5. Bd2 Be7 6. Bg2 0-0 7. 0-0 b6 8. Nc3 Bb7 9. Ne5 Nbd7 10. Bf4 Rc8 11. Nb5 Ra8 12. Nxd7 Qxd7 13. Nxc7 Rac8 14. Nb5 Rxc4 15. b3 Rcc8 16. Qd3 Ba6 17. a4 Ne8 18. Qe3 f6 19. h4 h6 20. Bh3 Kf7 21. h5 f5 22. f3 g5 23. hxg6+ Kxg6 24. g4 Ng7 25. Bxh6 Rh8 26. g5 Rcg8 27. f4 Bc8 28. Rac1 a6 29. Rc7 Qe8 30. Na7 Bd7 31. Qe5 Nh5 32. Rfc1 Rxh6 33. Rxd7 Bf6 34. gxf6 Nxf6 35. Rd6 Rxh3 36. Kg2 Rh2+ 37. Kg1 Kh6+ 38. Kxh2 Qh5# 0-1

[Event "Eljanov Memorial 6th"]
[Site "Chess.com INT"]
[Date "2020.10.29"]
[Round "2"]
[White "Babiy, Olga"]
[Black "Kudrytskyi, Stanislav"]
[Result "0-1"]
[WhiteElo "2271"]
[BlackElo "2057"]
[PlyCount "104"]
[EventDate "2020.10.29"]
[EventType "swiss (blitz)"]
[EventRounds "9"]
[EventCountry "UKR"]
[SourceTitle "CBM 199 Extra"]
[Source "ChessBase"]
[SourceDate "2021.01.31"]
[SourceVersion "1"]
[SourceVersionDate "2021.01.31"]
[SourceQuality "1"]

1. e4 d6 2. d4 Nf6 3. Nc3 e5 4. Nf3 Nbd7 5. Bc4 Be7 6. a4 0-0 7. 0-0 c6 8. h3 b6 9. Re1 a6 10. Bg5 Bb7 11. dxe5 dxe5 12. Bb3 h6 13. Bh4 b5 14. Bg3 b4 15. Nb1 Qa5 16. Nbd2 Rad8 17. Qe2 Nh5 18. Bh2 Nf4 19. Bxf4 exf4 20. e5 Nc5 21. Qc4 Ne6 22. Qe4 Qc5 23. Bxe6 fxe6 24. Nb3 Qd5 25. Qxd5 cxd5 26. Nfd4 Bc8 27. Nc6 Rde8 28. Rad1 Bd7 29. Nbd4 Bc5 30. b3 Bxc6 31. Nxc6 Rc8 32. Nd4 Bxd4 33. Rxd4 a5 34. Rd2 Rc3 35. Ree2 Rfc8 36. f3 g5 37. Kf2 Kf7 38. Ke1 Kg6 39. Kf2 Kf5 40. Ke1 Re3 41. Kf2 Rxe2+ 42. Rxe2 Rc3 43. Ke1 Re3 44. Rxe3 fxe3 45. Ke2 d4 46. Kd3 Kxe5 47. g3 Kf5 48. Ke2 e5 49. Kd3 h5 50. Ke2 h4 51. gxh4 gxh4 52. Kf1 e4 0-1

[Event "Eljanov Memorial 6th"]
[Site "Chess.com INT"]
[Date "2020.10.29"]
[Round "6"]
[White "Grineva, Marianna"]
[Black "Kudrytskyi, Stanislav"]
[Result "1-0"]
[WhiteElo "2001"]
[BlackElo "2057"]
[PlyCount "61"]
[EventDate "2020.10.29"]
[EventType "swiss (blitz)"]
[EventRounds "9"]
[EventCountry "UKR"]
[SourceTitle "CBM 199 Extra"]
[Source "ChessBase"]
[SourceDate "2021.01.31"]
[SourceVersion "1"]
[SourceVersionDate "2021.01.31"]
[SourceQuality "1"]

1. e4 d6 2. d4 Nf6 3. Nc3 e5 4. Nf3 Nbd7 5. g4 Be7 6. g5 Nh5 7. h4 c6 8. Bc4 Nb6 9. Be2 Nf4 10. Bxf4 exf4 11. Qd2 h6 12. 0-0-0 Bg4 13. Kb1 Bxf3 14. Bxf3 Nc4 15. Qxf4 Qb6 16. Na4 Qb4 17. b3 b5 18. c3 Na3+ 19. Kb2 Qa5 20. Kxa3 bxa4 21. b4 Qb5 22. e5 Qc4 23. Qe3 hxg5 24. hxg5 Rxh1 25. Rxh1 d5 26. Rh8+ Bf8 27. e6 Qa6 28. exf7+ Kxf7 29. Bh5+ g6 30. Qf4+ Kg7 31. Qf6# 1-0